[Event "ZN-2018-0-03797"]
[Site "LSS email"]
[Date "2018.06.05"]
[Round "?"]
[White "D'Emilia, Jack"]
[Black "Khan, Mahmood"]
[Result "1-0"]
[WhiteElo "906"]
[BlackElo "1229"]
[PlyCount "29"]
[EventDate "2018.05.28"]
[EventType "match (corr)"]
[EventRounds "2"]
[EventCountry "GER"]
[SourceTitle "Corr 2022"]
[Source "ChessBase"]
[SourceDate "2021.10.24"]
[SourceVersion "1"]
[SourceVersionDate "2021.10.24"]
[SourceQuality "1"]

1. e4 c5 2. Bc4 e6 3. Nf3 Nc6 4. 0-0 Qc7 5. Nc3 a6 6. a3 Nf6 7. d4 cxd4 8. Nxd4 b5 9. Ba2 Bb7 10. Nxc6 Qxc6 11. f3 Bc5+ 12. Kh1 0-0 13. b4 Bb6 14. Qd3 Rac8 15. Bb2 1-0

[Event "ZN-2018-0-03797"]
[Site "LSS email"]
[Date "2018.06.05"]
[Round "?"]
[White "Khan, Mahmood"]
[Black "D'Emilia, Jack"]
[Result "0-1"]
[WhiteElo "1229"]
[BlackElo "906"]
[PlyCount "28"]
[EventDate "2018.05.28"]
[EventType "match (corr)"]
[EventRounds "2"]
[EventCountry "GER"]
[SourceTitle "Corr 2022"]
[Source "ChessBase"]
[SourceDate "2021.10.24"]
[SourceVersion "1"]
[SourceVersionDate "2021.10.24"]
[SourceQuality "1"]

1. e4 d6 2. Nf3 e5 3. d4 Nf6 4. Nc3 exd4 5. Nxd4 Be7 6. Bc4 0-0 7. 0-0 c5 8. Nf3 Be6 9. Bxe6 fxe6 10. e5 dxe5 11. Qxd8 Rxd8 12. Nxe5 Nbd7 13. Nf3 h6 14. Bf4 Rac8 0-1

[Event "ZN-2018-0-03796"]
[Site "LSS email"]
[Date "2018.06.02"]
[Round "?"]
[White "Stewart, Deane"]
[Black "Khan, Mahmood"]
[Result "0-1"]
[WhiteElo "1214"]
[BlackElo "1229"]
[PlyCount "28"]
[EventDate "2018.05.28"]
[EventType "match (corr)"]
[EventRounds "2"]
[EventCountry "GER"]
[SourceTitle "Corr 2022"]
[Source "ChessBase"]
[SourceDate "2021.10.24"]
[SourceVersion "1"]
[SourceVersionDate "2021.10.24"]
[SourceQuality "1"]

1. c4 Nf6 2. Nc3 c5 3. e3 Nc6 4. Nf3 e6 5. Be2 Be7 6. 0-0 0-0 7. Ng5 a6 8. b3 d5 9. cxd5 Nxd5 10. Nxd5 exd5 11. Qc2 Bxg5 12. Qd3 Bf6 13. Rb1 g6 14. Ba3 Bf5 0-1

[Event "FICGS rapid B 000255 email"]
[Site "FICGS email"]
[Date "2018.01.12"]
[Round "1"]
[White "Khan, Mahmood"]
[Black "Ream, Scott"]
[Result "0-1"]
[WhiteElo "1700"]
[BlackElo "1800"]
[PlyCount "42"]
[EventDate "2018.??.??"]
[EventType "tourn (rapid)"]
[EventRounds "6"]
[SourceTitle "Corr 2022"]
[Source "ChessBase"]
[SourceDate "2021.10.24"]
[SourceVersion "1"]
[SourceVersionDate "2021.10.24"]
[SourceQuality "1"]

1. e4 e6 2. d4 d5 3. Nc3 Nf6 4. e5 Nfd7 5. Nf3 c5 6. dxc5 Nc6 7. Bf4 Bxc5 8. Bd3 a6 9. a3 Be7 10. 0-0 g5 11. Bg3 g4 12. Nd2 Ndxe5 13. Be2 h5 14. f3 gxf3 15. Nxf3 Ng4 16. Qd2 h4 17. Be1 Bc5+ 18. Kh1 h3 19. Qf4 hxg2+ 20. Kxg2 e5 21. Qd2 Nd4 0-1

[Event "SN-2017-0-00894"]
[Site "LSS email"]
[Date "2017.11.30"]
[Round "?"]
[White "Khan, Mahmood"]
[Black "Czaban, Tomasz"]
[Result "1-0"]
[WhiteElo "800"]
[BlackElo "601"]
[PlyCount "57"]
[EventDate "2017.11.07"]
[EventType "tourn (corr)"]
[EventRounds "6"]
[EventCountry "GER"]
[SourceTitle "Corr 2022"]
[Source "ChessBase"]
[SourceDate "2021.10.24"]
[SourceVersion "1"]
[SourceVersionDate "2021.10.24"]
[SourceQuality "1"]

1. e4 e6 2. Nf3 d5 3. Nc3 dxe4 4. Nxe4 Nf6 5. Ng3 Bc5 6. d4 Bb4+ 7. c3 Ba5 8. Bd3 h6 9. b4 Bb6 10. a4 a6 11. 0-0 0-0 12. Ba3 Nd5 13. Rc1 Bd7 14. Ne5 Nc6 15. Nxd7 Qxd7 16. b5 axb5 17. Bxf8 Kxf8 18. Bxb5 Qd6 19. Qg4 Nce7 20. Nh5 Ng6 21. c4 Nf6 22. Nxf6 Qxd4 23. Qxd4 Bxd4 24. Nd7+ Ke7 25. c5 c6 26. Nb6 Ne5 27. Nxa8 Bb2 28. Rc2 Bd4 29. Rd1 1-0

[Event "SN-2017-0-00894"]
[Site "LSS email"]
[Date "2017.11.30"]
[Round "?"]
[White "Khan, Mahmood"]
[Black "Venturas, Bob"]
[Result "0-1"]
[WhiteElo "800"]
[BlackElo "556"]
[PlyCount "84"]
[EventDate "2017.11.07"]
[EventType "tourn (corr)"]
[EventRounds "6"]
[EventCountry "GER"]
[SourceTitle "Corr 2022"]
[Source "ChessBase"]
[SourceDate "2021.10.24"]
[SourceVersion "1"]
[SourceVersionDate "2021.10.24"]
[SourceQuality "1"]

1. e4 e5 2. Nf3 Nc6 3. Bb5 d6 4. d4 Bd7 5. 0-0 h6 6. Nc3 a6 7. Ba4 b5 8. Bb3 Bg4 9. h3 Bh5 10. g4 Bg6 11. dxe5 dxe5 12. Be3 Bd6 13. Bd5 Qd7 14. Nh4 Bh7 15. f4 exf4 16. Bxf4 Bc5+ 17. Kh2 0-0-0 18. Qf3 g5 19. Bxc6 Qxc6 20. Be5 Rd2+ 21. Ng2 Bd6 22. Bxd6 Qxd6+ 23. Kh1 b4 24. Rad1 bxc3 25. Rxd2 cxd2 26. Ne3 f6 27. Nf5 Bxf5 28. exf5 Kb8 29. Rd1 Ne7 30. Qd3 Rd8 31. Qe2 Qg3 32. Rxd2 Qxh3+ 33. Kg1 Rxd2 34. Qxd2 Qxg4+ 35. Kh1 Nxf5 36. Qd8+ Kb7 37. Qd5+ Kc8 38. Qa8+ Kd7 39. Qd5+ Nd6 40. Qb3 Qe4+ 41. Kg1 f5 42. a4 Qc4 0-1

[Event "SN-2017-0-00894"]
[Site "LSS email"]
[Date "2017.11.30"]
[Round "?"]
[White "Neumann, Otto"]
[Black "Khan, Mahmood"]
[Result "0-1"]
[WhiteElo "913"]
[BlackElo "800"]
[PlyCount "86"]
[EventDate "2017.11.07"]
[EventType "tourn (corr)"]
[EventRounds "6"]
[EventCountry "GER"]
[SourceTitle "Corr 2022"]
[Source "ChessBase"]
[SourceDate "2021.10.24"]
[SourceVersion "1"]
[SourceVersionDate "2021.10.24"]
[SourceQuality "1"]

1. d4 Nf6 2. c4 c5 3. d5 b5 4. b3 g6 5. Bb2 Bg7 6. Nd2 0-0 7. e4 bxc4 8. bxc4 d6 9. f4 e5 10. fxe5 dxe5 11. Be2 Nbd7 12. Ngf3 Ng4 13. Nf1 Qa5+ 14. N3d2 f5 15. h3 Ngf6 16. Bd3 fxe4 17. Be2 Rb8 18. Qc2 Bh6 19. Bc3 Qc7 20. Nxe4 Nxe4 21. Qxe4 Rf4 22. Qd3 Qd6 23. Ng3 Bg7 24. Bf3 Nb6 25. Ne4 Qf8 26. 0-0 Rf7 27. Rae1 Bf5 28. Rb1 Na4 29. Ba1 Bxe4 30. Bxe4 Rxb1 31. Rxb1 Nb6 32. Bc3 Qd6 33. Bd2 Nc8 34. a4 Qa6 35. a5 Nd6 36. Rc1 Rf8 37. Bf3 Re8 38. Bg4 e4 39. Be6+ Rxe6 40. Qe2 Re8 41. Qf2 Bd4 42. Be3 Rf8 43. Qd2 Nxc4 0-1

[Event "SN-2017-0-00894"]
[Site "LSS email"]
[Date "2017.11.29"]
[Round "?"]
[White "Martindale, Roger"]
[Black "Khan, Mahmood"]
[Result "0-1"]
[WhiteElo "552"]
[BlackElo "800"]
[PlyCount "42"]
[EventDate "2017.11.07"]
[EventType "tourn (corr)"]
[EventRounds "6"]
[EventCountry "GER"]
[SourceTitle "Corr 2022"]
[Source "ChessBase"]
[SourceDate "2021.10.24"]
[SourceVersion "1"]
[SourceVersionDate "2021.10.24"]
[SourceQuality "1"]

1. e4 c5 2. Nf3 Nc6 3. c4 d6 4. h3 g6 5. Nc3 Bg7 6. d3 Nf6 7. Bf4 0-0 8. Nd5 Nh5 9. Qd2 Nxf4 10. Nxf4 Bd7 11. 0-0-0 Nb4 12. Nd5 Nxa2+ 13. Kb1 e6 14. Kxa2 exd5 15. cxd5 Qb6 16. Ra1 a5 17. Be2 a4 18. Rab1 Qb3+ 19. Ka1 a3 20. Rbc1 axb2+ 21. Kb1 Ra1# 0-1

[Event "OP-2017-0-04480"]
[Site "LSS email"]
[Date "2017.11.26"]
[Round "?"]
[White "Khan, Mahmood"]
[Black "Szczepanski, Zbigniew"]
[Result "0-1"]
[WhiteElo "800"]
[BlackElo "2475"]
[PlyCount "52"]
[EventDate "2017.11.20"]
[EventType "tourn (corr)"]
[EventRounds "4"]
[EventCountry "GER"]
[SourceTitle "Corr 2022"]
[Source "ChessBase"]
[SourceDate "2021.10.24"]
[SourceVersion "1"]
[SourceVersionDate "2021.10.24"]
[SourceQuality "1"]

1. e4 c5 2. Nf3 d6 3. d4 cxd4 4. Nxd4 Nf6 5. Nc3 a6 6. Be2 e5 7. Nb3 Be7 8. Bg5 0-0 9. Qd2 Be6 10. 0-0-0 Nbd7 11. f4 b5 12. Bf3 b4 13. Nd5 Nxd5 14. exd5 Bxg5 15. fxg5 Bf5 16. g4 Bg6 17. Qxb4 a5 18. Qxd6 Qxg5+ 19. Kb1 Rfc8 20. Rc1 a4 21. Na1 a3 22. Qxd7 axb2 23. Kxb2 Rcb8+ 24. Nb3 Qe3 25. Rhf1 Qd4+ 26. Kb1 Rxb3+ 0-1

[Event "OP-2017-0-04480"]
[Site "LSS email"]
[Date "2017.11.26"]
[Round "?"]
[White "Salazar Moran, Alejandro Fortunato"]
[Black "Khan, Mahmood"]
[Result "1-0"]
[WhiteElo "1294"]
[BlackElo "800"]
[PlyCount "83"]
[EventDate "2017.11.20"]
[EventType "tourn (corr)"]
[EventRounds "4"]
[EventCountry "GER"]
[SourceTitle "Corr 2022"]
[Source "ChessBase"]
[SourceDate "2021.10.24"]
[SourceVersion "1"]
[SourceVersionDate "2021.10.24"]
[SourceQuality "1"]

1. e4 c5 2. Nf3 Nc6 3. d4 cxd4 4. Nxd4 e5 5. Nb5 d6 6. N1c3 a6 7. Na3 Be7 8. Be3 Nf6 9. Nc4 Be6 10. Nd5 Nxe4 11. Bb6 Qc8 12. Nc7+ Kf8 13. Nxa8 Qxa8 14. Qf3 d5 15. Nd2 Nxd2 16. Kxd2 g6 17. h4 h5 18. Re1 Kg7 19. Kc1 Qc8 20. Kb1 d4 21. Bd3 Bg4 22. Qg3 Bd6 23. Be4 Re8 24. f4 exf4 25. Qd3 Be5 26. Bxc6 Qxc6 27. Rxe5 Rxe5 28. Bxd4 f6 29. Bxe5 fxe5 30. Qd2 f3 31. gxf3 Bxf3 32. Re1 e4 33. Qf4 Qf6 34. Qh2 b5 35. a3 Qe7 36. Re3 a5 37. Qf4 Qc5 38. Rc3 Qf5 39. Rc7+ Kf6 40. Qd6+ Qe6 41. Qd8+ Ke5 42. Rc5+ 1-0

[Event "Olympiad-28"]
[Site "Thessaloniki"]
[Date "1988.11.19"]
[Round "6"]
[White "Khan, Mahmood"]
[Black "Ng Ee Vern, Laine"]
[Result "0-1"]
[WhiteElo "2255"]
[BlackElo "2205"]
[PlyCount "116"]
[EventDate "1988.11.13"]
[EventType "team-swiss"]
[EventRounds "14"]
[EventCountry "GRE"]
[SourceTitle "TD"]
[Source "ChessBase"]
[SourceDate "1994.03.01"]
[SourceVersion "1"]
[SourceVersionDate "1994.03.01"]
[SourceQuality "1"]
[WhiteTeam "Pakistan"]
[BlackTeam "Malaysia"]
[WhiteTeamCountry "PAK"]
[BlackTeamCountry "MAS"]

1. e4 d6 2. d4 Nf6 3. Nc3 g6 4. Nf3 Bg7 5. h3 Nc6 6. Be3 0-0 7. Be2 e5 8. d5 Ne7 9. Qd2 Ne8 10. g4 c6 11. Bc4 b5 12. Bb3 b4 13. Ne2 cxd5 14. exd5 a5 15. c4 f5 16. gxf5 Nxf5 17. Ng5 Nf6 18. Bc2 Nh4 19. 0-0-0 Qc7 20. b3 Rb8 21. f4 h6 22. Ne6 Bxe6 23. dxe6 Rfd8 24. Qe1 Nf5 25. Qg1 d5 26. Bxf5 gxf5 27. fxe5 Ne8 28. Qg6 dxc4 29. Qf7+ Qxf7 30. exf7+ Kxf7 31. Bd4 Rbc8 32. Kb1 c3 33. Kc2 Nc7 34. Rhf1 Ne6 35. Rxf5+ Kg6 36. Rf2 Nxd4+ 37. Nxd4 Bxe5 38. Rg1+ Kh7 39. Nf3 Bf4 40. Rfg2 Rg8 41. Rg4 Rxg4 42. Rxg4 Rf8 43. Rg2 Be3 44. Ne5 Rf5 45. Nc4 Bf2 46. a3 h5 47. axb4 axb4 48. Nd6 Rf4 49. Ne4 Rxe4 50. Rxf2 Rd4 51. Rg2 Kh6 52. Re2 Rd2+ 53. Rxd2 cxd2 54. Kxd2 Kg5 55. Ke3 Kh4 56. Kf2 Kxh3 57. Kf3 h4 58. Kf2 Kg4 0-1